Normal view
MARC view
- Schumann Robert
Entry Personal Name
001 - CONTROL NUMBER
- control field: 11352
003 - CONTROL NUMBER IDENTIFIER
- control field: IT-RoPau
005 - DATE AND TIME OF LATEST TRANSACTION
- control field: 20140129092204.0
008 - FIXED-LENGTH DATA ELEMENTS
- fixed length control field: 140129|| aca||aabn | a|a d
040 ## - CATALOGING SOURCE
- Original cataloging agency: IT-RoPau
- Transcribing agency: IT-RoPau
100 ## - HEADING--PERSONAL NAME
- Personal name: Schumann Robert
- Miscellaneous information: Codice autore musica SPICS: 11150
- Relator term: Autore musica
- Name of part/section of a work: Sinfonia n 2: scherzo
670 ## - SOURCE DATA FOUND
- Source citation: Work cat.: (IT-RoPau)99058: AA.VV. 794, Classics